Best Rappers Working Today - Statistics

General Stats
  • This quiz has been taken 22 times
  • The average score is 8 of 16
Answer Stats
Songs Rapper % Correct
My Name Is, Stan Eminem
95%
Candy Shop, In Da Club 50 Cent
89%
99 Problems, Empire State of Mind Jay-Z
89%
Humble, Loyalty Kendrick Lamar
79%
It Was A Good Day, No Vaseline Ice Cube
68%
Ruff Ryder's Anthem, Up in Here DMX
63%
Gin and Juice, Who Am I Snoop Dogg
63%
The Search, When I Grow Up NF
47%
Break Ya Neck, Touch It Busta Rhymes
32%
Millions, The Story of Addidon Pusha T
32%
I'm Not Rascist, Snitch Joyner Lucas
26%
Fragile, Speedom Tech N9ne
26%
Hustlin', The Devil Is A Lie Rick Ross
21%
Paparazzi, X Xzibit
21%
Bring the Pain, What's Happenin Method Man
16%
Best Friend, Till It's Gone Yelawolf
16%
No matching quizzes found
Score Distribution
Percent of People with Each Score
Percentile by Number Answered
Your Score History
You have not taken this quiz